Guidelines for the cataloguing of rare books (Record no. 107475)

MARC details
000 -LEADER
fixed length control field 00746cam a22002175a 4500
001 - CONTROL NUMBER
control field L140289
008 - FIXED-LENGTH DATA ELEMENTS--GENERAL INFORMATION
fixed length control field 070914s1999 xxka f h 000 0 eng d
020 ## - INTERNATIONAL STANDARD BOOK NUMBER
International Standard Book Number 0952988100
035 ## - SYSTEM CONTROL NUMBER
System control number (Sirsi) u140289
041 0# - LANGUAGE CODE
Language code of text/sound track or separate title eng
050 04 - LIBRARY OF CONGRESS CALL NUMBER
Classification number 025.3 $2 18
110 2# - MAIN ENTRY--CORPORATE NAME
Corporate name or jurisdiction name as entry element Library Association
Subordinate unit Rare Books Group
9 (RLIN) 5446
245 00 - TITLE STATEMENT
Title Guidelines for the cataloguing of rare books
250 ## - EDITION STATEMENT
Edition statement 2nd ed.
260 ## - PUBLICATION, DISTRIBUTION, ETC.
Place of publication, distribution, etc. London
Name of publisher, distributor, etc. The Library Association Rare Books Group
Date of publication, distribution, etc. 1999
300 ## - PHYSICAL DESCRIPTION
Extent 32 p.
Other physical details ill.
Dimensions 21 cm.
520 ## - SUMMARY, ETC.
Summary, etc. Provides guidance on the cataloguing of rare and early books using AACR2. Foreword by Brian Hillyard and David Pearson.
651 #4 - SUBJECT ADDED ENTRY--GEOGRAPHIC NAME
Geographic name United Kingdom
Chronological subdivision
690 ## - LOCAL SUBJECT ADDED ENTRY--TOPICAL TERM (OCLC, RLIN)
Topical term or geographic name as entry element MANAGEMENT-BUSINESS MANAGEMENT-INFORMATION MANAGEMENT
942 ## - ADDED ENTRY ELEMENTS (KOHA)
Suppress in OPAC 0
Holdings
Withdrawn status Lost status Source of classification or shelving scheme Damaged status Not for loan Home library Current library Shelving location Date acquired Total Checkouts Full call number Barcode Date last seen Copy number Price effective from Koha item type
    Dewey Decimal Classification     London London Reference copy 05/11/2007   025.3 LIB 30074210 06/08/2019 1 06/08/2019 Book